| 000 | 01093nam a22003137a 4500 | ||
|---|---|---|---|
| 003 | CHAP | ||
| 005 | 20220329141747.0 | ||
| 008 | 971013s1977 r 00010 d | ||
| 010 | _a73425 | ||
| 011 | _a74397 | ||
| 035 | _a83956 | ||
| 040 | _cCHAP | ||
| 090 | _aTesis | ||
| 100 | 0 | 0 |
_aGarcía Sandoval, José Alejandro. _946603 |
| 245 | _aContribución al estudio de la incidencia de (Mammomonogamus laryngeus) en bovinos sacrificados en el rastro La Paz, Estado de México | ||
| 260 |
_aMéxico, D.F. : _bEl autor, _c1977 |
||
| 300 | _a19 h. | ||
| 502 | _aTesis (Médico Veterinario Zootecnista) -- UNAM. Fac. de Medicina Veterinaria y Zootecnia | ||
| 590 |
_aALEPH _b10 _c20130110 _lUCH01 _h1416 |
||
| 590 |
_aBATCH-UPD _b10 _c20130110 _lUCH01 _h0635 |
||
| 590 |
_aBATCH-UPD _b10 _c20130410 _lUCH01 _h0319 |
||
| 590 |
_aBATCH-UPD _b10 _c20130914 _lUCH01 _h1529 |
||
| 590 |
_aCONVERSION _b10 _c20130109 _lUCH01 _h1340 |
||
| 650 | 1 | 4 |
_aGanado vacuno _xParásitos. _945500 |
| 650 | 1 | 4 |
_aSyngamus laryngeus. _9111147 |
| 901 | _aBK | ||
| 942 | _cTESIS | ||
| 949 |
_bBC _cTES _d-38982 _eTS1 _i83956 _si |
||
| 999 |
_c73425 _d73425 |
||